A Kossuth Lajos-sugárúton építik fel az egyik városi munkásházat

Elmentve itt :
Bibliográfiai részletek
Dokumentumtípus: Cikk
Megjelent: 1928-08-19
Sorozat:Délmagyarország 4 No. 187
Kulcsszavak:Építkezés Szeged 1928
Online Access:http://dmarchiv.bibl.u-szeged.hu/46672
LEADER 00450nab a2200145 i 4500
001 delm46672
005 20180927131857.0
008 180927s1928 hu o 0|| hun d
040 |a SZTE Délmagyarország Archívum  |b hun 
041 |a hun 
245 0 2 |a A Kossuth Lajos-sugárúton építik fel az egyik városi munkásházat  |h [elektronikus dokumentum] 
260 |c 1928-08-19 
300 |a 4 
490 0 |a Délmagyarország  |v 4 No. 187 
695 |a Építkezés Szeged 1928